Zánik jezera /

Detektivní román anglického spisovatele (nar. 1888), jenž většinu života strávil v Austrálii. Čtenáři vedle napínavého kriminálního příběhu poskytne i málo známý pohled na odlehlou část Austrálie, v níž lidi na dobytkářské stanicii přírodu sužuje nepředstavitelné vedro....

Celý popis

Hlavní autor: Upfield, Arthur William, 1888-1964
Další autoři: Jungwirth, František, 1920-1997
Jazyk: Čeština
Vydáno: Praha : Mladá fronta, 1965
Vydání: 1. vyd.
Edice: Kapka
Externí odkaz: Digitalizovaný dokument
Fyzický popis: 154, [2] s. ; 8°
Knihy
Uloženo v:
LEADER 01658nam a22003732a 4500
001 001255348
003 CZ BrMZK
005 20121008212734.0
007 ta
008 121008s1965 xr er|||||||||||cze d
015 |a cnb000158235 
035 |a (OCoLC)85206023 
040 |a ABA001  |b cze  |c CBA001  |d ABA001 
041 1 |a cze  |h eng 
080 9 |a 820-312.4+92 Upfield, A. 
100 1 |a Upfield, Arthur William,  |d 1888-1964  |7 jn19990008703  |4 aut 
245 1 0 |a Zánik jezera /  |c Arthur Upfield ; z angl. orig. přel. a závěrečnou pozn. Arthur Upfield naps. František Jungwirth 
250 |a 1. vyd. 
260 |a Praha :  |b Mladá fronta,  |c 1965 
300 |a 154, [2] s. ;  |c 8° 
490 1 |a Kapka ;  |v sv. 78 
500 |a Přeloženo z angličtiny 
500 |a 43000 výt. 
500 |a Frontispice 
520 2 |a Detektivní román anglického spisovatele (nar. 1888), jenž většinu života strávil v Austrálii. Čtenáři vedle napínavého kriminálního příběhu poskytne i málo známý pohled na odlehlou část Austrálie, v níž lidi na dobytkářské stanicii přírodu sužuje nepředstavitelné vedro. 
700 1 |a Jungwirth, František,  |d 1920-1997  |7 jk01052192  |4 trl 
765 0 |t Death of the Lake  |9 Česky 
830 0 |a Kapka  |0 s 
856 4 1 |u http://www.digitalniknihovna.cz/mzk/uuid/uuid:117cfd00-7f3e-11e2-aa68-005056827e51  |y Digitalizovaný dokument  |x NDK 
910 |a BOA001  |b D-0542.542 
990 |a BK 
991 |b 201210 
996 6 |b 2619530530  |c D-0542.542  |l MZK  |r Sklad / do 24 hodin  |n 0  |w 001289359  |u 000010  |a 1  |e BOA001  |j MZK50  |s P 
996 6 |b 2619530531  |c D-0542.542  |l MZK  |r Sklad / do 24 hodin  |n 0  |w 001289359  |u 000020  |a 1  |e BOA001  |j MZK50  |s P